| 000 | 00464nam a2200193 a 4500 | ||
|---|---|---|---|
| 001 | 1755059227564 | ||
| 003 | ACL | ||
| 005 | 20250813100129.0 | ||
| 008 | 250813s2008##################000#0#eng## | ||
| 020 | _a9780714848648 | ||
| 082 | 0 | 4 |
_a724.6 _bpha |
| 100 | 1 |
_aPress, Editors of Phaidon, _eauthor. |
|
| 245 | 1 | 0 | _a10x10_2 : |
| 260 |
_bPhaidon Press, _c2008. |
||
| 300 | _a464 pages | ||
| 650 | 0 | _aArchitecture. | |
| 942 | _cENGLISH | ||
| 040 |
_aACL _beng _cACL |
||
| 999 |
_c581781 _d581781 |
||